000 00395nam a2200145Ia 4500
005 20251222153638.0
008 251222s9999||||xx |||||||||||||| ||spa||
020 _a9786123110161
082 _a346.005/M84
100 _aMontoya Castillo
245 0 _aProblemas más Frecuentes en la Calificación de las Demandas Judiciales:
250 _a1ra.ed.
264 _bGaceta Jurídica
942 _cLIB
999 _c32637
_d32637